| 000 | 00975nam a2200313 a 4500 | ||
|---|---|---|---|
| 001 | 25598 | ||
| 003 | CO-ViMGA | ||
| 008 | 141112s2004 ck r 000 u spa d | ||
| 020 | _a9789583038297 | ||
| 040 |
_aCO-ViMGA _bspa _cCO-ViMGA |
||
| 041 | _aSPA | ||
| 090 | _aN SIE1 | ||
| 100 | 1 |
_aSierra i Fabra, Jordi, 1947 - _939227 |
|
| 245 | 1 | 0 |
_aEn el suelo del cielo / _cJordi Sierra i Fabra ; ilustraciones Andrés Rodríguez |
| 250 | _a1a ed. | ||
| 260 |
_aBogotá : _bPanAméricana, _c2013 |
||
| 300 | _a115 p. : il. col. | ||
| 500 | _aIncluye contenido | ||
| 650 | 1 | 4 |
_aAMISTAD - NOVELA _92653 |
| 650 | 1 | 4 |
_aAUTORES ESPAÑOLES _9727 |
| 650 | 1 | 4 |
_aFAMILIA - NOVELA _92125 |
| 650 | 1 | 4 |
_aHONOR - NOVELA _939228 |
| 650 | 1 | 4 |
_aLITERATURA JUVENIL ESPAÑOLA _91054 |
| 650 | 1 | 4 |
_aNOVELA JUVENIL ESPAÑOLA _91056 |
| 650 | 1 | 4 |
_aRITOS DE INICIACICON - NOVELA _939229 |
| 650 | 1 | 4 |
_aSEXUALIDAD - NOVELA _939230 |
| 700 | 1 |
_aRodríguez, Andrés _939231 |
|
| 942 |
_2ddc _cBK |
||
| 999 |
_c5171 _d5171 |
||